2009 NHL Entry Draft 1st Round Selections - Statistics

General Stats
  • This quiz has been taken 401 times
  • The average score is 9 of 30
Answer Stats
Pick Player Junior Team NHL Team % Correct
1 John Tavares London Knights NY Islanders
100%
2 Victor Hedman Modo Hockey TB Lightning
95%
3 Matt Duchene Brampton Battalion Colorado Avalanche
75%
4 Evander Kane Vancouver Giants Atlanta Thrashers
65%
7 Nazem Kadri London Knights Toronto Maple Leafs
56%
6 Oliver Ekman-Larsson Leksands IF Phoenix Coyotes
54%
5 Brayden Schenn Brandon Wheat Kings LA Kings
52%
11 Ryan Ellis Windsor Spitfires Nashville Predators
35%
10 Magnus Paajarvi-Svensson Timra IK Edmonton Oilers
30%
8 Scott Glennie Brandon Wheat Kings Dallas Stars
28%
19 Chris Kreider Phillips Academy NY Rangers
27%
9 Jared Cowen Spokane Chiefs Ottawa Senators
26%
18 Louis Leblanc Omaha Lancers Montreal Canadiens
22%
30 Simon Despres Saint John Sea Dogs Pittsburgh Penguins
20%
16 Nick Leddy Eden Prairie High School Minnesota Wild
16%
13 Zack Kassian Peterborough Petes Buffalo Sabres
15%
12 Calvin de Haan Oshawa Generals NY Islanders
14%
26 Kyle Palmieri USNTDP Anaheim Ducks
14%
14 Dmitri Kulikov Drummondville Voltigeurs Florida Panthers
13%
24 Marcus Johansson Farjestad BK Washington Capitals
13%
22 Jordan Schroeder Minnesota Golden Gophers Vancouver Canucks
12%
17 David Rundblad Skelleftea AIK St Louis Blues
11%
20 Jacob Josefson Djurgardens IF NJ Devils
11%
25 Jordan Caron Rimouski Oceanic Boston Bruins
11%
15 Peter Holland Guelph Storm Anaheim Ducks
11%
29 Carter Ashton Lethbridge Hurricanes TB Lightning
10%
27 Philippe Paradis Shawinigan Cataractes Carolina Hurricanes
10%
28 Dylan Olsen Camrose Kodiaks Chicago Blackhawks
9%
21 John Moore Chicago Steel Columbus Blue Jackets
9%
23 Tim Erixon Skelleftea AIK Calgary Flames
9%
No matching quizzes found
Score Distribution
Percent of People with Each Score
Percentile by Number Answered
Your Score History
You have not taken this quiz